000 01129cam a2200241 4500
001 ABS64628
008 011016n2001 000 0 eng u
035 _a(Sirsi) u115130
100 _aMartin, J.
245 _aLearning from 50 years of cost planning
260 _c2001
490 _aCSM
_bChartered Surveyor Monthly
_v(October 2001) 31(2)
520 _aDiscusses the growing relevance of elemental cost planning. Compares today's drive towards better buildings for less money with the Ministry of Education's first bulletin which introduced the concept fifty years ago. Mentions Private Finance Initiative schemes and the provider's ability to control costs. Explains the standardisation of the elements into the standard form of cost analysis to allow the building profession to store and make greater and more useful cost information for the future.
590 _aABS
650 _aCOST PLANNING
650 _aBCIS
650 _aPFI
650 _aELEMENTAL COST ANALYSIS
650 _aBRITISH STANDARDS
650 _aSTANDARD FORM OF COST ANALYSIS
690 _aBUILT ENVIRONMENT-BUILDING COSTS
942 _n0
999 _c68567
_d68567